<?xml version="1.0" encoding="UTF-8"?><?xml-stylesheet type="text/xsl" href="static/style.xsl"?><OAI-PMH xmlns="http://www.openarchives.org/OAI/2.0/" xmlns:xsi="http://www.w3.org/2001/XMLSchema-instance" xsi:schemaLocation="http://www.openarchives.org/OAI/2.0/ http://www.openarchives.org/OAI/2.0/OAI-PMH.xsd"><responseDate>2026-06-03T00:43:37Z</responseDate><request verb="GetRecord" identifier="oai:riuma.uma.es:10630/28886" metadataPrefix="marc">https://riuma.uma.es/rest/oai/request</request><GetRecord><record><header><identifier>oai:riuma.uma.es:10630/28886</identifier><datestamp>2026-02-03T11:27:07Z</datestamp><setSpec>com_10630_2254</setSpec><setSpec>col_10630_37953</setSpec></header><metadata><record xmlns="http://www.loc.gov/MARC21/slim" xmlns:dcterms="http://purl.org/dc/terms/" xmlns:doc="http://www.lyncode.com/xoai" xmlns:xsi="http://www.w3.org/2001/XMLSchema-instance" xsi:schemaLocation="http://www.loc.gov/MARC21/slim http://www.loc.gov/standards/marcxml/schema/MARC21slim.xsd">
   <leader>00925njm 22002777a 4500</leader>
   <datafield ind2=" " ind1=" " tag="042">
      <subfield code="a">dc</subfield>
   </datafield>
   <datafield ind2=" " ind1=" " tag="720">
      <subfield code="a">Ruiz-Palmero, Julio</subfield>
      <subfield code="e">author</subfield>
   </datafield>
   <datafield ind2=" " ind1=" " tag="720">
      <subfield code="a">Colomo-Magaña, Ernesto</subfield>
      <subfield code="e">author</subfield>
   </datafield>
   <datafield ind2=" " ind1=" " tag="720">
      <subfield code="a">Sánchez-Rivas, Enrique</subfield>
      <subfield code="e">author</subfield>
   </datafield>
   <datafield ind2=" " ind1=" " tag="720">
      <subfield code="a">Linde-Valenzuela, Teresa Loreto</subfield>
      <subfield code="e">author</subfield>
   </datafield>
   <datafield ind2=" " ind1=" " tag="260">
      <subfield code="c">2021-07-01</subfield>
   </datafield>
   <datafield ind2=" " ind1=" " tag="520">
      <subfield code="a">Los dispositivos móviles se están convirtiendo en una herramienta imprescindible en el día a día y en las relaciones entre el alumnado en los últimos años, gracias a sus usos y potencialidades. A pesar de ello, el uso excesivo e inadecuado puede conducir a síndromes de dependencia en algunos casos, un factor que se puede elevar debido a la situación de aislamiento provocada por la COVID-19. Este estudio pretende analizar el uso y abuso de las TIC en profesionales de la educación en formación, antes y después del confinamiento. Se ha utilizado un diseño longitudinal de panel con medidas pre-test y post-test, aplicando el instrumento validado MULTICAGE-TIC en una muestra de 147 estudiantes de la Facultad de Educación de la Universidad de Málaga. Los resultados reflejan un aumento significativo en todas TIC analizadas (internet, móvil, videojuegos, mensajería instantánea y redes sociales), pasando de conductas no problemáticas o consideradas de riesgo antes del confinamiento, a un uso abusivo tras el mismo en todas las escalas salvo en los videojuegos, que reflejan un uso problemático. El estudio refleja que la pandemia y las restricciones de movilidad e interacción social han incidido en el aumento del uso problemático de las TIC.</subfield>
   </datafield>
   <datafield ind1="8" ind2=" " tag="024">
      <subfield code="a">Ruiz Palmero, J., Colomo-Magaña, E., Sánchez-Rivas, E., y Linde-Valenzuela, T. (2021). Estudio del uso y consumo de dispositivos móviles en universitarios. Digital Education Review, (39), 89-106. https://doi.org/10.1344/der.2021.39.89-104</subfield>
   </datafield>
   <datafield ind1="8" ind2=" " tag="024">
      <subfield code="a">https://hdl.handle.net/10630/28886</subfield>
   </datafield>
   <datafield ind1="8" ind2=" " tag="024">
      <subfield code="a">10.1344/der.2021.39.89-104</subfield>
   </datafield>
   <datafield tag="653" ind2=" " ind1=" ">
      <subfield code="a">Tecnología de la información</subfield>
   </datafield>
   <datafield tag="653" ind2=" " ind1=" ">
      <subfield code="a">Adolescentes - Psicología</subfield>
   </datafield>
   <datafield ind2="0" ind1="0" tag="245">
      <subfield code="a">Estudio del uso y consumo de dispositivos móviles en universitarios</subfield>
   </datafield>
</record>
</metadata></record></GetRecord></OAI-PMH>